000 00557nam a22001937a 4500
999 _c190712
_d190712
005 20220803122556.0
010 _aENG-134199
020 _c9788192215198
_a675.00
035 _aEN-117731
037 _bDBAD/PUB
082 _a909
100 _aJaiswal,Shipra
245 _aWorld Culture/
_cby Shipra Jaiswal and Oinam Shuraj
260 _aNew Delhi
_bAvni Publications
_c2012
270 _aRZ-40-D,Gali No.2,Main Sagar Pur,
_bNew Delhi
_e110046
300 _a308p..
_c22cm(Hb)
700 _aOinam Shuraj
942 _2ddc
_cEN
_h909
_mJAI